| 000 | 00496nam a2200193 a 4500 | ||
|---|---|---|---|
| 005 | 20231025063617.0 | ||
| 008 | 991125s1993 mx 000 0 spa u | ||
| 020 | _a9682001897 | ||
| 035 | _aUPN01000028272 | ||
| 049 | _aCG | ||
| 050 | 4 |
_aNX440 _aB3.4 |
|
| 100 | 1 | _aBarrali Altet, Xavier | |
| 245 | 1 | 0 |
_aHistoria del arte / _cXavier Barrali Altet |
| 260 |
_aMéxico : _bCruz O, _c1993. |
||
| 300 | _a110 p. | ||
| 440 | 1 |
_aÿQué sé? ; _v22 |
|
| 650 | 4 |
_aArte _xHistoria _92484 |
|
| 905 | _aLibro | ||
| 999 |
_c28272 _d28272 |
||